MARC details
| 000 -LEADER |
| fixed length control field |
01731nam a2200517 i 4500 |
| 001 - CONTROL NUMBER |
| control field |
20313 |
| 003 - CONTROL NUMBER IDENTIFIER |
| control field |
CZ PrNK |
| 005 - DATE AND TIME OF LATEST TRANSACTION |
| control field |
20260121115910.0 |
| 007 - PHYSICAL DESCRIPTION FIXED FIELD--GENERAL INFORMATION |
| fixed length control field |
ta |
| 008 - FIXED-LENGTH DATA ELEMENTS--GENERAL INFORMATION |
| fixed length control field |
220429s2019 xr e 000 0bslo |
| 015 ## - NATIONAL BIBLIOGRAPHY NUMBER |
| National bibliography number |
cnb003418661 |
| 020 ## - INTERNATIONAL STANDARD BOOK NUMBER |
| International Standard Book Number |
9788087685792 |
| Qualifying information |
(vázáno) |
| 035 ## - SYSTEM CONTROL NUMBER |
| System control number |
(OCoLC)1335742266 |
| 040 ## - CATALOGING SOURCE |
| Original cataloging agency |
BOA001 |
| Language of cataloging |
cze |
| Modifying agency |
ABA001 |
| Description conventions |
rda |
| 043 ## - GEOGRAPHIC AREA CODE |
| Geographic area code |
e-xo--- |
| 045 ## - TIME PERIOD OF CONTENT |
| Time period code |
x8y1 |
| 072 #7 - SUBJECT CATEGORY CODE |
| Subject category code |
78.07 |
| Subject category code subdivision |
Hudebníci, skladatelé a jiná hudební povolání |
| Source |
Konspekt |
| 072 #7 - SUBJECT CATEGORY CODE |
| Subject category code |
929 |
| Subject category code subdivision |
Biografie |
| Source |
Konspekt |
| 080 ## - UNIVERSAL DECIMAL CLASSIFICATION NUMBER |
| Universal Decimal Classification number |
78.03.011.26.071.2-055.2 |
| Edition identifier |
MRF |
| 080 ## - UNIVERSAL DECIMAL CLASSIFICATION NUMBER |
| Universal Decimal Classification number |
78.03.011.26 |
| Edition identifier |
MRF |
| 080 ## - UNIVERSAL DECIMAL CLASSIFICATION NUMBER |
| Universal Decimal Classification number |
929 |
| Edition identifier |
MRF |
| 080 ## - UNIVERSAL DECIMAL CLASSIFICATION NUMBER |
| Universal Decimal Classification number |
(437.6) |
| Edition identifier |
MRF |
| 080 ## - UNIVERSAL DECIMAL CLASSIFICATION NUMBER |
| Universal Decimal Classification number |
(092) |
| Edition identifier |
MRF |
| 100 1# - MAIN ENTRY--PERSONAL NAME |
| Personal name |
Čermáková, Dana, |
| Dates associated with a name |
1960- |
| Relationship |
aut |
| 245 10 - TITLE STATEMENT |
| Title |
Zuzana Smatanová / |
| Statement of responsibility, etc. |
Dana Čermáková |
| 250 ## - EDITION STATEMENT |
| Edition statement |
Prvé vydanie |
| 264 #1 - PRODUCTION, PUBLICATION, DISTRIBUTION, MANUFACTURE, AND COPYRIGHT NOTICE |
| Place of production, publication, distribution, manufacture |
[Praha] : |
| Name of producer, publisher, distributor, manufacturer |
Imagination of People, |
| Date of production, publication, distribution, manufacture, or copyright notice |
2019 |
| 300 ## - PHYSICAL DESCRIPTION |
| Extent |
125 stran ; |
| Dimensions |
22 cm + |
| Accompanying material |
1 plakát (80 x 56 cm složeno na 20 x 14 cm) |
| 336 ## - CONTENT TYPE |
| Content type term |
text |
| Content type code |
txt |
| Source |
rdacontent |
| 337 ## - MEDIA TYPE |
| Media type term |
bez média |
| Media type code |
n |
| Source |
rdamedia |
| 338 ## - CARRIER TYPE |
| Carrier type term |
svazek |
| Carrier type code |
nc |
| Source |
rdacarrier |
| 490 1# - SERIES STATEMENT |
| Series statement |
Portréty |
| 500 ## - GENERAL NOTE |
| General note |
Obálkový podnázev: srdce je jediný zvuk... |
| 600 17 - SUBJECT ADDED ENTRY--PERSONAL NAME |
| Personal name |
Smatanová, Zuzana, |
| Dates associated with a name |
1984- |
| Source of heading or term |
czenas |
| 648 #7 - SUBJECT ADDED ENTRY--CHRONOLOGICAL TERM |
| Chronological term |
20.-21. století |
| Source of heading or term |
czenas |
| 648 #7 - SUBJECT ADDED ENTRY--CHRONOLOGICAL TERM |
| Chronological term |
21. století |
| Source of heading or term |
czenas |
| 650 07 - SUBJECT ADDED ENTRY--TOPICAL TERM |
| Topical term or geographic name entry element |
populární zpěvačky |
| Geographic subdivision |
Slovensko |
| Chronological subdivision |
20.-21. století |
| Source of heading or term |
czenas |
| 650 07 - SUBJECT ADDED ENTRY--TOPICAL TERM |
| Topical term or geographic name entry element |
populární hudba |
| Geographic subdivision |
Slovensko |
| Chronological subdivision |
21. století |
| Source of heading or term |
czenas |
| 650 09 - SUBJECT ADDED ENTRY--TOPICAL TERM |
| Topical term or geographic name entry element |
popular women singers |
| Geographic subdivision |
Slovakia |
| Chronological subdivision |
20th-21st centuries |
| Source of heading or term |
eczenas |
| 650 09 - SUBJECT ADDED ENTRY--TOPICAL TERM |
| Topical term or geographic name entry element |
popular music |
| Geographic subdivision |
Slovakia |
| Chronological subdivision |
21st century |
| Source of heading or term |
eczenas |
| 655 #7 - INDEX TERM--GENRE/FORM |
| Genre/form data or focus term |
biografie |
| Source of term |
czenas |
| 655 #9 - INDEX TERM--GENRE/FORM |
| Genre/form data or focus term |
biography |
| Source of term |
eczenas |
| 830 #0 - SERIES ADDED ENTRY--UNIFORM TITLE |
| Uniform title |
Portréty (Imagination of People) |
| 910 ## - USER-OPTION DATA (OCLC) |
| User-option data |
ABA001 |
| 942 ## - ADDED ENTRY ELEMENTS (KOHA) |
| Source of classification or shelving scheme |
Dewey Decimal Classification |
| Koha item type |
Odborná literatúra pre dospelých |
| Suppress in OPAC |
No |